[Event "Dumaguete City Olendo Cup"]
[Site "Dumaguete City"]
[Date "2022.10.28"]
[Round "2"]
[White "Flores, Reynaldo"]
[Black "Gaitan, Jose Edmundo"]
[Result "1-0"]
[WhiteElo "1845"]
[BlackElo "1594"]
[PlyCount "84"]
[EventDate "2022.10.28"]
[EventType "tourn"]
[EventRounds "9"]
[EventCountry "PHI"]
[SourceTitle "EXT 2024"]
[Source "ChessBase"]
[SourceDate "2023.10.10"]
[SourceVersion "1"]
[SourceVersionDate "2023.10.10"]
[SourceQuality "1"]

1. e4 e6 2. d4 d6 3. f4 Ne7 4. Nf3 h6 5. Bd3 a6 6. 0-0 g6 7. Be3 Bg7 8. Qd2 b6 9. c4 Bb7 10. Nc3 Nd7 11. Rac1 c5 12. d5 e5 13. Ne2 Nf6 14. fxe5 dxe5 15. Bc2 Neg8 16. Ba4+ Nd7 17. Ng3 f6 18. Qf2 Ne7 19. Nxe5 b5 20. Nxd7 Qxd7 21. Bb3 0-0 22. cxb5 Kh7 23. Bxc5 axb5 24. Bxe7 Qxe7 25. Qc5 Qe5 26. Qc3 Qe8 27. Qd4 f5 28. Qb6 f4 29. Qxb7 fxg3 30. hxg3 Qxe4 31. Rce1 Rxf1+ 32. Rxf1 Qe3+ 33. Kh2 Ra7 34. Qc8 Be5 35. Rf3 Qe1 36. Qe6 Rg7 37. Bc2 h5 38. Qh3 Kh6 39. Rf8 Rc7 40. Bxg6 Kg7 41. Rf3 Bd4 42. Qxh5 Kg8 1-0